
Library Catalogue

| 000 -LEADER | |
|---|---|
| fixed length control field | 01459nam a2200229Ia 4500 |
| 003 - CONTROL NUMBER IDENTIFIER | |
| control field | OSt |
| 005 - DATE AND TIME OF LATEST TRANSACTION | |
| control field | 20260608105125.0 |
| 008 - FIXED-LENGTH DATA ELEMENTS--GENERAL INFORMATION | |
| fixed length control field | 160316s2011 xxu||||| |||| 00| 0 eng d |
| 020 ## - INTERNATIONAL STANDARD BOOK NUMBER | |
| International Standard Book Number | 9788184735666 (pbk.) |
| 082 ## - DEWEY DECIMAL CLASSIFICATION NUMBER | |
| Classification number | 346.06626 INS |
| 110 ## - MAIN ENTRY--CORPORATE NAME | |
| Corporate name or jurisdiction name as entry element | ICSI |
| 245 ## - TITLE STATEMENT | |
| Title | Handbook on mergers, amalgamations and takeovers : |
| Remainder of title | law and practice / |
| Statement of responsibility, etc. | ICSI. |
| 250 ## - EDITION STATEMENT | |
| Edition statement | 4th ed. |
| 260 ## - PUBLICATION, DISTRIBUTION, ETC. | |
| Place of publication, distribution, etc. | Haryana : |
| Name of publisher, distributor, etc. | Wolters Kluwer, |
| Date of publication, distribution, etc. | 2011. |
| 300 ## - PHYSICAL DESCRIPTION | |
| Extent | xvi, 574 p. ; |
| Dimensions | 25 cm. |
| 365 ## - TRADE PRICE | |
| Price amount | RS. 595.00 |
| 505 ## - Contents | |
| Contents | Chapters 1. Introduction; 2. Legal and Regulatory Framework for Mergers and Amalgamations; 3. Procedural Requirements of Mergers and Amalgamations; 4. Amalgamation of Companies by the Central Government; 5. Amalgamation of Banking Companies; 6. Economic Aspects of Mergers and Amalgamations; 7. Valuation Aspects of Mergers and Amalgamations; 8. Stamp Duty Aspects of Mergers and Amalgamations; 9. Taxation Aspects of Mergers and Amalgamations; 10. Accounting Aspects of Amalgamations; 11. Competition Aspects of Combinations; 12. The Human Aspects of Mergers and Amalgamations; 13. Mergers and Amalgamations under Sick Industrial Companies (Special Provision) Act, 1985 (SICA); 14. Practical Tips on Mergers and Amalgamations in the light of Judicial Decision; 15. Demergers; 16. Takeovers; 17. Due Diligence; 18. Case Studies. |
| 650 ## - SUBJECT ADDED ENTRY--TOPICAL TERM | |
| Topical term or geographic name entry element | Handbook -- mergers |
| 650 ## - SUBJECT ADDED ENTRY--TOPICAL TERM | |
| Topical term or geographic name entry element | Amalgamations -- takeover |
| 650 ## - SUBJECT ADDED ENTRY--TOPICAL TERM | |
| Topical term or geographic name entry element | Law -- practice. |
| 942 ## - ADDED ENTRY ELEMENTS (KOHA) | |
| Source of classification or shelving scheme | Dewey Decimal Classification |
| Koha item type | BOOKs |
| Withdrawn status | Lost status | Source of classification or shelving scheme | Damaged status | Not for loan | Home library | Current library | Shelving location | Date acquired | Cost, normal purchase price | Total Checkouts | Full call number | Barcode | Date last seen | Date last checked out | Price effective from | Koha item type |
|---|---|---|---|---|---|---|---|---|---|---|---|---|---|---|---|---|
| Dewey Decimal Classification | NLS | NLS | General Stacks | 30/05/2017 | 595.00 | 3 | 346.06626 INS | 26055 | 18/01/2020 | 11/01/2020 | 30/05/2017 | BOOKs |